Normal view
MARC view
- Shoukat, Uzma
Entry Personal Name
001 - CONTROL NUMBER
- control field: 130660
003 - CONTROL NUMBER IDENTIFIER
- control field: NUST
005 - DATE AND TIME OF LATEST TRANSACTION
- control field: 20250923163222.0
008 - FIXED-LENGTH DATA ELEMENTS
- fixed length control field: 250923|| aca||aabn | a|a d
040 ## - CATALOGING SOURCE
- Original cataloging agency: NUST
- Transcribing agency: NUST
100 ## - HEADING--PERSONAL NAME
- Personal name: Shoukat, Uzma
670 ## - SOURCE DATA FOUND
- Source citation: Work cat.: (NUST): Shoukat, Uzma, The Impact of Authentic Leadership on Employee Performance: A study conducted in Pakistan Private Banking Sector/
